Project development simplified : design of experience with a focus on abstraction / Fil A. Macias. (Record no. 22098)

000 -LEADER
fixed length control field 01506nam a22001817a 4500
020 ## - INTERNATIONAL STANDARD BOOK NUMBER
ISBN 9783032010421
082 ## - DEWEY DECIMAL CLASSIFICATION NUMBER
Classification number 620.001
Item number M319 2025
100 ## - MAIN ENTRY--AUTHOR NAME
Personal name Marcias, Fil A. / author.
245 ## - TITLE STATEMENT
Title Project development simplified : design of experience with a focus on abstraction / Fil A. Macias.
250 ## - EDITION STATEMENT
Edition statement .
260 ## - PUBLICATION, DISTRIBUTION, ETC. (IMPRINT)
Place of publication Springer Nature Switzerland :
Name of publisher Springer Cham,
Year of publication ©2025.
300 ## - PHYSICAL DESCRIPTION
Number of Pages 1 online resources, xv, 150 :
Other physical details color illustrations.
490 ## - SERIES STATEMENT
Series statement Sysnthesis Lectures on Engineering, Sciences, and Technology
500 ## - GENERAL NOTE
General note Includes bibliographical references
520 ## - SUMMARY, ETC.
Summary, etc This book explains and outlines the use of hierarchical abstraction for project development. The author details the need for effective strategies for project development and provides a thorough explanation of hierarchical abstraction. The book instructs readers on how they may apply this method of organizing information or concepts into a layered structure in order to make ideas more manageable. The author then explains how this process also simplifies the representation and analysis of information, allowing readers to extract meaning and identify relationships within a system. The book shows how hierarchical abstraction can also be implemented for more effective disbursement of information. The author includes extensive discussion of the applications for a variety of fields, including computer science, information architecture, and cognitive psychology.
650 ## - SUBJECT ADDED ENTRY--TOPICAL TERM
Topical Term Project management.
942 ## - ADDED ENTRY ELEMENTS (KOHA)
Koha item type Electronic Books
Holdings
Source of acquisition Permanent Location Date acquired Collection code Koha item type Lost status Shelving location Withdrawn status Current Location Full call number
DonationsCagayan State University - Carig Library2026-04-14E-BooksElectronic Books E-Resource Section Cagayan State University - Carig Library620.001 M319 2025

Cagayan State University University Library, Carig Campus
Tuguegarao City, Cagayan 3500 | www.csucarig.edu.ph

Powered by Koha